000 00407nam a2200145Ia 4500
008 230917s9999||||xx |||||||||||||| ||und||
040 _e59242
_aMAIN
041 _aEnglish
082 _a297.63 M897K:E
100 _aKhan, Syed Ahmed
245 0 _aEssays on the life of mohammed and subjects subsidiary thereto
260 _aDelhi
_bIdarah-i Adabiyat-i Delli
_c1981
300 _axxiv, v. p.
942 _cBK
999 _c224983
_d224983